|
|
|
|
| LEADER |
01099nam a2200289 a 4500 |
| 001 |
38004 |
| 003 |
BD-DhAAL |
| 005 |
20220310101242.0 |
| 008 |
220310t1982 nyu b 001 0 eng |
| 999 |
|
|
|c 43727
|d 43727
|
| 010 |
|
|
|a 83018759
|
| 020 |
|
|
|a 0020474105 (pbk.)
|
| 040 |
|
|
|a DLC
|c DLC
|d DLC
|d BD-DhAAL
|
| 050 |
0 |
0 |
|a PN162
|b .P55 1984
|
| 082 |
0 |
0 |
|a 070.41
|2 21
|
| 100 |
1 |
|
|a Plotnik, Arthur.
|9 46704
|
| 245 |
1 |
4 |
|a The elements of editing :
|b a modern guide for editors and journalists /
|c by Arthur Plotnik.
|
| 250 |
|
|
|a 1st Macmillan paperbacks ed.
|
| 260 |
|
|
|a New York :
|b Macmillan ;
|a London :
|b Collier Macmillan,
|c c1982.
|
| 300 |
|
|
|a xiii, 156 pages ;
|c 21 cm.
|
| 504 |
|
|
|a Includes bibliographies and index.
|
| 541 |
|
|
|a Donated by Akbar Ali Khan
|e 38004
|
| 650 |
|
0 |
|a Editing.
|9 46705
|
| 650 |
|
0 |
|a Journalism
|x Editing.
|9 46706
|
| 852 |
|
|
|a Ayesha Abed Library
|c Akbar Ali Khan Collection
|
| 942 |
|
|
|2 ddc
|c BK
|
| 952 |
|
|
|0 0
|1 0
|2 ddc
|4 0
|6 070_410000000000000_PLO
|7 1
|9 70074
|a BRACUL
|b BRACUL
|c AAKC
|d 2022-03-10
|e Donated by Akbar Ali Khan
|l 0
|o 070.41 PLO
|p 3010038004
|r 2022-03-10
|t 1
|w 2022-03-10
|y BK
|